000 00407pab a2200157 454500
008 180718b2001 xxu||||| |||| 00| 0 eng d
100 _aBhattacharjee, Kalyan
245 _aBeating about the bush, .... and beating the slowdown
260 _c2001
300 _ap.259-63
362 _aApr
650 _aBudget - India - 2001-2002
650 _aBudget
773 _aManagement Accountant
909 _a48450
999 _c48450
_d48450